[Event "LVI ch-POR"]
[Site "Barreiro POR"]
[Date "2000.09.06"]
[Round "5"]
[White "Leite,C"]
[Black "Dias,P"]
[Result "1/2-1/2"]
[WhiteElo "2089"]
[BlackElo "2302"]

1.e4 c5 2.c3 Nf6 3.e5 Nd5 4.d4 cxd4 5.Nf3 e6 6.cxd4 d6 7.Nc3 Nc6 8.exd6 Bxd6
9.Bd3 Nxc3 10.bxc3 b6 11.O-O Bb7 12.Be3 O-O 13.Bc2 Na5 14.Qd3 g6  1/2-1/2

[Event "LVI ch-POR"]
[Site "Barreiro POR"]
[Date "2000.09.07"]
[Round "6"]
[White "Baptista,P"]
[Black "Andrade,Le"]
[Result "0-1"]
[WhiteElo "2132"]
[BlackElo "2208"]

1.e4 c5 2.c3 Nf6 3.e5 Nd5 4.d4 cxd4 5.Nf3 e6 6.cxd4 d6 7.Nc3 dxe5 8.dxe5 Bb4
9.Bd2 O-O 10.Nxd5 Qxd5 11.Bxb4 Qe4+ 12.Be2 Qxb4+ 13.Qd2 Qb6 14.O-O Bd7 15.h4 Bc6
16.h5 h6 17.g4 Rd8 18.Qf4 Qxb2 19.Rae1 Bxf3 20.Bxf3 Nc6 21.Re2 Qb5 22.Re4 Rd5
23.Rfe1 Rad8 24.g5 hxg5 25.Qxg5 f6 26.Qg4 Nxe5 27.Qxe6+ Kh8 28.Rf4 Nxf3+
29.Rxf3 Rg5+ 30.Rg3 Rxg3+ 31.fxg3 Qc5+ 32.Kf1 Qxh5 33.Qe3 Qh1+ 34.Kf2 Qh2+
35.Kf1 Qxa2 36.Qe7 Qc4+ 37.Re2 Qd5 38.Kg1 Qd6 39.Qe3 Qd4 40.Rh2+ Kg8  0-1

[Event "FSIMA September"]
[Site "Budapest HUN"]
[Date "2000.09.07"]
[Round "6"]
[White "Orso,M"]
[Black "Rajlich,V"]
[Result "1-0"]
[WhiteElo "2346"]
[BlackElo "2209"]

1.e4 c5 2.c3 Nf6 3.e5 Nd5 4.d4 cxd4 5.Qxd4 e6 6.Nf3 Nc6 7.Qe4 d6 8.exd6 Bxd6
9.Bd3 Nf6 10.Qe2 O-O 11.Bg5 h6 12.Bh4 Qa5 13.Bxf6 gxf6 14.Nbd2 Ne5 15.Bc2 Nxf3+
16.Nxf3 Rd8 17.Qe4 f5 18.Qh4 Bf8 19.O-O Bd7 20.Rfe1 Bg7 21.Re3 Qb6 22.Bb3 a5
23.Ne5 Be8 24.Rae1 a4 25.Bd1 Qxb2 26.Bh5 Qxa2 27.Rg3 Qd2 28.Rf1 Kf8 29.f4 Bxe5
30.fxe5 a3 31.Qf6 a2 32.Rg7 Rd7 33.Rh7 Qe3+ 34.Kh1 Qg5 35.Rh8+ Qg8 36.Qxh6+ Ke7
37.Rxg8 Rd5 38.Rxe8+ Rxe8 39.Qf6+ Kd7  1-0

[Event "FIDE women's World Cup KO"]
[Site "Shenyang CHN"]
[Date "2000.09.07"]
[Round "1.1"]
[White "Wang Yu"]
[Black "Xu Yuhua"]
[Result "1/2-1/2"]
[WhiteElo "2401"]
[BlackElo "2505"]

1.e4 c5 2.c3 Nf6 3.e5 Nd5 4.d4 cxd4 5.Bc4 Nb6 6.Bb3 d6 7.exd6 Qxd6 8.Nf3 Nc6
9.O-O e6 10.cxd4 Be7 11.Nc3 a6 12.Be3 O-O 13.a3 Nd5 14.Nxd5 exd5 15.Qd2 Bf5
16.Bf4 Qd7 17.Rac1 Rac8 18.Rc3 Be4 19.Rfc1 Bd8 20.Ba4 b5 21.Bd1 Bf6 22.Be5 Be7
23.Bxg7 Kxg7 24.Rxc6 Rxc6 25.Ne5 Rxc1 26.Nxd7 Rfc8 27.Nc5 Ra1 28.f3 Bg6 29.Kf2 h6
30.f4 Be4 31.Bg4 Rc6 32.Bd1 Bf6 33.Ke3 Rb1 34.Kf2 Rc8 35.Ke3 Re8 36.Kf2 Rc8
37.Ke3  1/2-1/2

[Event "LVI ch-POR"]
[Site "Barreiro POR"]
[Date "2000.09.08"]
[Round "7"]
[White "Leite,C"]
[Black "Baptista,P"]
[Result "0-1"]
[WhiteElo "2089"]
[BlackElo "2132"]

1.e4 c5 2.c3 Nf6 3.e5 Nd5 4.d4 cxd4 5.Nf3 e6 6.cxd4 d6 7.Nc3 dxe5 8.Nxe5 Be7
9.Bb5+ Bd7 10.Qf3 O-O 11.Nxd7 Nxd7 12.Nxd5 exd5 13.Qxd5 Bb4+ 14.Kf1 Qe7 15.Bg5 Nf6
16.Qf5 Rad8 17.Bxf6 Qxf6 18.Qxf6 gxf6 19.Rd1 h6 20.Bc4 Rfe8 21.a3 Bc5 22.d5 Re4
23.Ba2 Rde8 24.g3 Re2 25.Kg2 Rxf2+ 26.Kh3 Rxb2 27.Bc4 b5 28.Bf1 Rd8 29.a4 bxa4
30.Ba6 Rd6 31.Bd3 Kg7 32.Bf5 Rf2 33.g4 h5 34.Rhf1 Rxf1 35.Rxf1 hxg4+ 36.Bxg4 Rxd5
37.Rd1 Rxd1 38.Bxd1 a3 39.Bb3 f5 40.Kg2 Kg6 41.h4 f6 42.Be6 f4 43.Bd5 Be3
44.Bc4 Bd2 45.Bd5 Be1 46.Kh3 f3 47.h5+ Kh6 48.Bf7 Kg5 49.Kh2 Bf2 50.Kh3 Be3
51.Kg3 f2 52.Kg2 Kf5 53.h6 Bxh6 54.Kxf2 Ke4 55.Ke2  0-1

[Event "Najdorf Final KO"]
[Site "Buenos Aires ARG"]
[Date "2000.09.09"]
[Round "1.1"]
[White "Maggiolo,E"]
[Black "Quiroga,F"]
[Result "0-1"]
[WhiteElo "2115"]
[BlackElo "2398"]

1.e4 c5 2.c3 Nf6 3.e5 Nd5 4.d4 cxd4 5.Nf3 Nc6 6.Bc4 Nb6 7.Bb3 d5 8.exd6 Qxd6
9.O-O Be6 10.cxd4 Rd8 11.Nc3 Bxb3 12.Qxb3 Qb4 13.Qc2 Qc4 14.Qe4 e6 15.Be3 Nd5
16.Rac1 Nf6 17.Qh4 Qb4 18.Rfd1 Ne7 19.Ne5 Nf5 20.Qh3 Bd6 21.Bg5 Be7 22.d5 O-O
23.Rc2 Nxd5 24.Nxd5 Rxd5 25.Bd2 Qe4  0-1

[Event "Najdorf Final KO"]
[Site "Buenos Aires ARG"]
[Date "2000.09.12"]
[Round "2.2"]
[White "Flores,Di"]
[Black "Urday,H"]
[Result "1-0"]
[WhiteElo "2358"]
[BlackElo "2486"]

1.e4 c5 2.c3 Nf6 3.e5 Nd5 4.d4 cxd4 5.Nf3 e6 6.cxd4 d6 7.Nc3 Nxc3 8.bxc3 Qc7
9.Bd2 Nd7 10.Bd3 dxe5 11.O-O Bd6 12.Re1 exd4 13.cxd4 O-O 14.Rc1 Qd8 15.Re4 Be7
16.Rg4 f5 17.Rg3 Bd6 18.Rh3 Nf6 19.Qb3 Qb6 20.Rxc8 Raxc8 21.Qxe6+ Kh8 22.Qxf5 g6
23.Qxg6 Rc7 24.Bg5  1-0

[Event "World Seniors"]
[Site "Rowy POL"]
[Date "2000.09.15"]
[Round "5"]
[White "Ofstad,P"]
[Black "Semasev,K"]
[Result "1/2-1/2"]
[WhiteElo "2181"]
[BlackElo "2307"]

1.e4 c5 2.c3 Nf6 3.e5 Nd5 4.g3 d6 5.exd6 Qxd6 6.Bg2 Nc6 7.Nf3 e5 8.O-O Be7
9.d4 exd4 10.cxd4 O-O 11.dxc5 Qxc5 12.Ng5 Ndb4 13.Nc3 Bxg5 14.Ne4 Qc2 15.Bxg5 Qxb2
16.a3 Na6 17.Qd6 Qd4 18.Rac1 h6 19.Rxc6  1/2-1/2

[Event "World Seniors (Women)"]
[Site "Rowy POL"]
[Date "2000.09.15"]
[Round "5"]
[White "Strelnikova,E"]
[Black "Krawcewicz,L"]
[Result "1-0"]
[WhiteElo "2232"]
[BlackElo "2026"]

1.e4 c5 2.c3 Nf6 3.d3 Nc6 4.Be3 d6 5.Be2 e6 6.f4 c4 7.Bf3 cxd3 8.Qxd3 e5
9.f5 Be7 10.Nd2 Qc7 11.Ne2 O-O 12.g4 Nd7 13.h4 Rd8 14.Ng3 Bf8 15.g5 Nc5 16.Qe2 b6
17.b4 Na4 18.Nb1 Bd7 19.h5 Be8 20.Qg2 a5 21.bxa5 Nxa5 22.O-O Rdc8 23.g6 Nc4
24.gxh7+ Kxh7 25.Bc1 Nc5 26.a3 Nd3 27.Be2 Nxc1 28.Rxc1 Qc5+ 29.Qf2 Na5 30.Nd2 Be7
31.Qxc5 bxc5 32.Rcb1 Rcb8 33.Kf2 Ba4 34.Bd3 Bg5 35.Nf3 Be7 36.Nd2 Kh6 37.Ne2 Bh4+
38.Ng3 Be8 39.Nf3 Be7 40.f6 Bxf6 41.Nf5+ Kh7 42.Nxd6 Rd8 43.Nxe8 Rxe8 44.Rb5 Red8
45.Be2 Rdc8 46.a4 Rc7 47.Rab1 g5 48.Rb6 Nc6 49.Bb5 Rac8 50.Kg3 Kh6 51.Kg4 Bh8
52.Rd1 f6 53.Rd6 Na7 54.Bd7 Rd8 55.Nxe5 Kg7 56.h6+ Kf8 57.Ng6+ Kf7 58.Be6+ Kxg6
59.Rxd8 Kh7 60.Kh5 Nc6 61.Bf5+  1-0

[Event "World Seniors"]
[Site "Rowy POL"]
[Date "2000.09.17"]
[Round "6"]
[White "Ofstad,P"]
[Black "Rosen,W"]
[Result "1-0"]
[WhiteElo "2181"]
[BlackElo "2307"]

1.e4 c5 2.c3 Nf6 3.e5 Nd5 4.g3 Nc6 5.Bg2 e6 6.Nf3 Qc7 7.O-O b6 8.Re1 Ba6
9.d4 cxd4 10.Nxd4 Be7 11.Nf5 O-O 12.Bxd5 exf5 13.Bf4 g5 14.Qh5 Qd8 15.Be3 Nxe5
16.Bxg5 Bxg5 17.Rxe5 Bf6 18.Rxf5 Bd3 19.Nd2 Rc8 20.Ne4 Bxe4 21.Bxe4 Re8 22.Rf4 Re5
23.Qxh7+ Kf8 24.Qh6+ Bg7 25.Qd6+ Qe7 26.Rd1 Re8 27.Bg6  1-0

[Event "World Seniors"]
[Site "Rowy POL"]
[Date "2000.09.19"]
[Round "8"]
[White "Lein,A"]
[Black "Szczepaniec,S"]
[Result "1/2-1/2"]
[WhiteElo "2450"]
[BlackElo "2126"]

1.e4 c5 2.c3 Nf6 3.e5 Nd5 4.d4 cxd4 5.Qxd4 e6 6.Bc4 Nc6 7.Qe4 d6 8.Nf3 Nb6
9.Bb3 dxe5 10.Nxe5 Nxe5 11.Qxe5 Qd6 12.Qg3 Qxg3 13.hxg3 Bd7 14.Be3 Bc6 15.f3 Bd6
16.Bf2 O-O-O 17.Nd2 Kb8 18.O-O-O Bc7 19.Bc2 h5 20.Ne4 Rxd1+ 21.Rxd1 Rd8 22.Rh1 g6
23.Ng5 Rd7 24.Rd1 Rxd1+ 25.Kxd1 Be8 26.Bd3 a6 27.Kc2 Nd5 28.a3 Kc8 29.Nh3 Ne7
30.Ng1 Bc6 31.Ne2 e5 32.c4 f5 33.Nc3 Ng8 34.b4 Nf6 35.a4 e4 36.Be2 b6 37.b5 axb5
38.axb5 exf3 39.gxf3 Bb7 40.Na4 Nd7 41.Kd1 Kd8 42.Ke1 Ke7 43.c5 Nxc5 44.Nxc5 bxc5
45.Bxc5+ Kf6 46.Bd4+ Ke7 47.Kf2 g5 48.Be3 Kf6 49.f4 g4 50.Bc4 Bd8 51.Kg1 Ke7
52.Bc5+ Kd7 53.Bf2 Bc7 54.Be3 Bd8 55.Bf2 Bc7  1/2-1/2

[Event "Super Final"]
[Site "Buenos Aires ARG"]
[Date "2000.09.21"]
[Round "4"]
[White "Flores,Di"]
[Black "Milos,G"]
[Result "0-1"]
[WhiteElo "2358"]
[BlackElo "2633"]

1.e4 c5 2.c3 Nf6 3.e5 Nd5 4.d4 cxd4 5.Nf3 e6 6.cxd4 d6 7.Nc3 Nxc3 8.bxc3 Qc7
9.Bd2 Nd7 10.exd6 Bxd6 11.Bd3 b6 12.O-O Bb7 13.a4 O-O 14.a5 bxa5 15.Re1 Rfc8
16.Ne5 Nxe5 17.dxe5 Bc5 18.Ra4 g6 19.Rh4 Rd8 20.Rh3 Qc6 21.Qg4 h5 22.Rxh5 Rxd3  0-1

[Event "V ECC Women"]
[Site "Halle GER"]
[Date "2000.09.25"]
[Round "2"]
[White "Jahn,C"]
[Black "Skripchenko,A"]
[Result "1-0"]
[WhiteElo "2138"]
[BlackElo "2450"]

1.e4 c5 2.c3 Nf6 3.e5 Nd5 4.d4 cxd4 5.Nf3 Nc6 6.Bc4 Nb6 7.Bb3 g6 8.cxd4 Bg7
9.Qe2 d6 10.O-O O-O 11.h3 Bf5 12.g4 Bd7 13.Bf4 Na5 14.Bc2 Rc8 15.Nc3 Bc6
16.Rad1 Nd5 17.Nxd5 Bxd5 18.b4 Bxf3 19.Qxf3 Rxc2 20.bxa5 dxe5 21.dxe5 Qxa5
22.Qxb7 e6 23.Rd7 Rxa2 24.Rc1 Bxe5 25.Be3 Rb2 26.Qf3 Rb3 27.Rc8 Rb1+ 28.Kg2 f5
29.Qc6 Rb8 30.Qxe6+ Kh8 31.Qf7  1-0

[Event "XVI ECC"]
[Site "Neum BIH"]
[Date "2000.09.25"]
[Round "2"]
[White "Savic,Mio1"]
[Black "Mikhalevski,V"]
[Result "1-0"]
[WhiteElo "2441"]
[BlackElo "2532"]

1.e4 c5 2.c3 Nf6 3.e5 Nd5 4.Nf3 Nc6 5.d4 cxd4 6.Bc4 Nb6 7.Bb3 d5 8.exd6 Qxd6
9.O-O Be6 10.Bxe6 Qxe6 11.Nxd4 Nxd4 12.Qxd4 Rd8 13.Qh4 h5 14.h3 Qe2 15.Be3 Qxb2
16.Nd2 Rxd2 17.Rab1 Qc2 18.Rfc1 Qd3 19.Bxd2 Qxd2 20.Rd1 Qe2 21.Qg3 e5 22.Re1 h4
23.Qh2 Qc4 24.Qxe5+ Kd7 25.Red1+ Kc6 26.Qe8+ Kc5 27.Qe3+ Kc6 28.Rxb6+ Kc7
29.Rbb1 Bc5 30.Qe5+ Kc6 31.Qf5  1-0

[Event "V ECC Women"]
[Site "Halle GER"]
[Date "2000.09.29"]
[Round "6"]
[White "Polovnikova,E"]
[Black "Skripchenko,A"]
[Result "1-0"]
[WhiteElo "2386"]
[BlackElo "2450"]

1.e4 c5 2.c3 Nf6 3.e5 Nd5 4.d4 cxd4 5.Nf3 Nc6 6.cxd4 d6 7.Bc4 Nb6 8.Bb3 d5
9.Nh4 e6 10.Nf3 Be7 11.O-O Bd7 12.Nc3 a6 13.g3 Nc4 14.h4 b5 15.Ne2 f6 16.exf6 Bxf6
17.Nf4 O-O 18.Bc2 Nd6 19.Re1 Re8 20.Ne5 Ne4 21.Bxe4 dxe4 22.Rxe4 Bxe5 23.dxe5 Rf8
24.Be3 Rf7 25.Rc1 Qe8 26.Bc5 Rc8 27.b3 Rf5 28.Bd6 Rf7 29.Qd2 Rd8 30.Qe3 Bc8
31.Qb6 Bb7 32.Bc7 Rc8 33.Qxb7 Rfxc7 34.Qb6 Qd7 35.Qe3 Rd8 36.h5 Rb7 37.Kg2 Ne7
38.Qf3 Nf5 39.Ree1 Rf8 40.Qc6 Re8 41.Red1 Qf7 42.Qe4 Rb6 43.Rd2 Rf8 44.Rdc2 Qd7
45.Rc7 Qd8 46.R7c6 Rxc6 47.Rxc6 Qd2 48.Rxa6 b4 49.Rxe6 Qxa2 50.Rb6 Qd2 51.Qd5+ Qxd5+
52.Nxd5 Rd8 53.Nxb4 Rd2 54.e6 g5 55.Rb5 Ne3+ 56.Kf3 Nd1 57.Nd5 Rxf2+ 58.Kg4 Re2
59.Rb8+ Kg7 60.e7  1-0

[Event "EuYCh G16"]
[Site "Halkidiki GRE"]
[Date "2000.10.05"]
[Round "4"]
[White "Novikova,A"]
[Black "Socha,A"]
[Result "1-0"]
[WhiteElo "2245"]
[BlackElo "2104"]

1.e4 c5 2.c3 Nf6 3.e5 Nd5 4.d4 cxd4 5.Nf3 Nc6 6.Bc4 Nc7 7.cxd4 d6 8.O-O d5
9.Bd3 Bg4 10.Be3 Ne6 11.Nc3 g6 12.Be2 Bg7 13.h3 Bxf3 14.Bxf3 Nc7 15.Qb3 Na5
16.Qb4 b6 17.Nxd5 Nxd5 18.Qb5+ Kf8 19.Qxd5 Qxd5 20.Bxd5 Rd8 21.Bb3 f6 22.f4 Nxb3
23.axb3 Rd7 24.Rfc1 Kf7 25.Rc6 e6 26.g4 Re8 27.Kf2 Ree7 28.Kf3 Rd5 29.Rac1 Bf8
30.Ke4 f5+ 31.Kd3 Red7 32.Rc7 Ke7 33.Bf2 Kf7 34.R1c6 Be7 35.Rxd7 Rxd7 36.Kc4 Bf8
37.Rc8 Bh6 38.Be3 Bf8 39.Kb5 Re7 40.gxf5 gxf5 41.Kc6 h5 42.Bd2 Bh6 43.Rc7 Rxc7+
44.Kxc7 Ke7 45.Kc6 Ke8 46.Kd6 Kf7 47.Kd7 Bf8 48.d5 exd5 49.b4 Be7 50.e6+ Kf8
51.Be1  1-0

[Event "ch-PER"]
[Site "Lima PER"]
[Date "2000.10.05"]
[Round "7"]
[White "Robbiano Taboada,C"]
[Black "Esplana,C"]
[Result "1/2-1/2"]
[WhiteElo "2249"]
[BlackElo "2239"]

1.e4 c5 2.c3 Nf6 3.e5 Nd5 4.d4 cxd4 5.Qxd4 e6 6.Nf3 Nc6 7.Qe4 f5 8.exf6 Nxf6
9.Qh4 d5 10.Bd3 Bd6 11.Ng5 Ke7 12.Nxh7 Kd7 13.Nxf6+ gxf6 14.Qg4 Kc7 15.Bf4 Rg8
16.Bxd6+ Kxd6 17.Qe2 Rxg2 18.Nd2 Qb6 19.Nf1 Bd7 20.Ne3 Rgg8 21.O-O-O Kc7
22.h4 Rac8 23.Kb1 Kb8  1/2-1/2

[Event "White Tower Open"]
[Site "Halkidiki GRE"]
[Date "2000.10.06"]
[Round "4"]
[White "Remizov,J"]
[Black "Mastrovasilis,A"]
[Result "1-0"]
[WhiteElo "2266"]
[BlackElo "2372"]

1.e4 c5 2.c3 Nf6 3.e5 Nd5 4.d4 cxd4 5.Nf3 e6 6.cxd4 d6 7.a3 Bd7 8.Bd3 Bc6
9.O-O Nd7 10.Re1 Rc8 11.Ng5 Be7 12.h4 dxe5 13.dxe5 Nc5 14.Bc2 h6 15.Nf3 Nb6
16.Nd4 Bxh4 17.Nc3 Be7 18.b4 Ncd7 19.Qg4 g5 20.Qh5 Nf8 21.Be3 Bd7 22.Nde2 Rc4
23.Bd4 Qc7 24.Red1 Rxd4 25.Rxd4 Qxe5 26.Rad1 Qc7 27.Bb1 a6 28.Ne4 Bc6 29.Rd8+ Bxd8
30.Nd6+ Qxd6 31.Rxd6 Bc7 32.Rxc6 bxc6 33.Nd4 Nd5 34.Bc2 Bb6 35.Nxc6 Nd7 36.Qe2 O-O
37.Qxa6 g4 38.Kf1 g3 39.Qd3 f5 40.Qxg3+ Kh8 41.Qd6 N5f6 42.Qxe6 Rg8 43.Ne5 Re8
44.Ng6+ Kg7 45.Qxf5 Bd4 46.Nf4  1-0

[Event "Abihome Open"]
[Site "Brussels BEL"]
[Date "2000.10.07"]
[Round "1"]
[White "Vermeulen,B"]
[Black "Hellsten,J"]
[Result "0-1"]
[WhiteElo "2050"]
[BlackElo "2470"]

1.e4 c5 2.c3 Nf6 3.e5 Nd5 4.d4 cxd4 5.Nf3 e6 6.cxd4 d6 7.Nc3 Nxc3 8.bxc3 Nd7
9.Bd3 dxe5 10.dxe5 Nc5 11.Bb5+ Bd7 12.Bxd7+ Qxd7 13.O-O Be7 14.Ba3 Qxd1 15.Rfxd1 Na4
16.Bb4 Rc8 17.Rdc1 Bxb4 18.cxb4 Ke7 19.Kf1 Rhd8 20.Ke2 Nc3+ 21.Ke1 Rd3 22.Rc2 Rcd8
23.Rd2 Rxd2 24.Nxd2 Nd5 25.Nf3 Nxb4 26.Rb1 Nd3+ 27.Ke2 b6 28.g3 Nc5 29.Nd2 Rd4
30.f4 Ra4 31.Rb2 h5 32.Nf3 Ra3 33.Nd4 Na4 34.Nb5 Nxb2 35.Nxa3 Kd7 36.Ke3 Kc6
37.Kd4 a5 38.Nc2 b5 39.Ne3 Na4 40.f5 Nc5 41.h3 exf5 42.Nxf5 Ne6+ 43.Ke4 b4
44.Nd6 a4 45.Kd3 f6 46.Nc4 fxe5 47.Nxe5+ Kd5 48.Nf3 Nc5+ 49.Kc2 Ke4 50.Nd2+ Ke3
51.g4 hxg4 52.hxg4 Kf4 53.Nc4 Kxg4 54.Ne3+ Kf3 55.Nd5 b3+ 56.axb3 axb3+ 57.Kc3 g5
58.Kc4 b2 59.Nc3 Ne4 60.Nb1 g4  0-1

[Event "Abihome Open"]
[Site "Brussels BEL"]
[Date "2000.10.07"]
[Round "2"]
[White "Pedersen,D"]
[Black "Baklan,V"]
[Result "0-1"]
[WhiteElo "2324"]
[BlackElo "2599"]

1.e4 c5 2.c3 Nf6 3.e5 Nd5 4.d4 cxd4 5.Nf3 d6 6.Bc4 e6 7.cxd4 Nc6 8.Qe2 Be7
9.O-O O-O 10.Nc3 dxe5 11.dxe5 Nxc3 12.bxc3 Qa5 13.Qe4 Qa4 14.Bg5 h6 15.Bxe7 Nxe7
16.Rab1 Bd7 17.Bd3 Qxe4 18.Bxe4 Bc6 19.Bxc6 bxc6 20.Rb7 Nd5 21.Nd4 c5 22.Nb5 c4
23.Rb1 a6 24.Nc7 Nxc3 25.R1b4 Rad8 26.g3 Rd4 27.Nxa6 Nxa2 28.Rb2 Nc1 29.Rc2 Nd3
30.f4 Ra8 31.Rb8+ Rxb8 32.Nxb8 Nb4 33.Rc3 Nd5 34.Rc1 c3 35.Rc2 Rd2 36.Rc1 c2  0-1

[Event "EuYCh G16"]
[Site "Halkidiki GRE"]
[Date "2000.10.08"]
[Round "7"]
[White "Shukurova,M"]
[Black "Novikova,A"]
[Result "1/2-1/2"]
[WhiteElo "2255"]
[BlackElo "2245"]

1.e4 c5 2.c3 Nf6 3.e5 Nd5 4.d4 cxd4 5.Nf3 e6 6.cxd4 b6 7.Nc3 Nxc3 8.bxc3 Qc7
9.Bd2 Bb7 10.Bd3 d6 11.O-O Nd7 12.Re1 dxe5 13.Nxe5 Nxe5 14.Rxe5 Bd6 15.Bb5+ Bc6
16.Qf3 Rc8 17.Bxc6+ Qxc6 18.d5 Qb7 19.Rh5 Rc5 20.Re1 Be7 21.c4 Rxc4 22.Qb3 Rg4
23.Qh3 Rg6 24.dxe6 O-O 25.Rxh7 Qxg2+ 26.Qxg2 Rxg2+ 27.Kxg2 Kxh7 28.exf7 Rxf7
29.Re6 Bc5 30.Be3 Rf5 31.a4 Rd5 32.Rc6 Bxe3 33.fxe3 Rd2+ 34.Kg3  1/2-1/2

[Event "EuYCh B18"]
[Site "Halkidiki GRE"]
[Date "2000.10.08"]
[Round "7"]
[White "Hindermann,F"]
[Black "Djukic,Ni"]
[Result "0-1"]
[WhiteElo "2181"]
[BlackElo "2332"]

1.e4 c5 2.c3 Nf6 3.e5 Nd5 4.g3 d6 5.exd6 e6 6.Bg2 Bxd6 7.Nf3 O-O 8.O-O Nc6
9.d4 cxd4 10.Nxd4 Nxd4 11.Qxd4 Qc7 12.Nd2 Bd7 13.Ne4 Be5 14.Qd3 Rac8 15.Re1 Rfd8
16.Bg5 Re8 17.f4 Qb6+ 18.Kh1 Bb5 19.Qf3 Bb8 20.f5 exf5 21.Qxf5 Bc6 22.Rad1 Be5
23.c4 Nc7 24.Be3 Qxb2 25.Rd2 g6 26.Qf2 Qb4 27.Bh6 Bc3 28.Rf1 f5 29.Nxc3 Qxc3
30.Bxc6 bxc6 31.Rd7 Qxc4 32.Qb2 Qxf1+  0-1

[Event "Veselin Boskovic Mem"]
[Site "Belgrade YUG"]
[Date "2000.10.09"]
[Round "6"]
[White "Markovic,Miros"]
[Black "Ilincic,Z"]
[Result "0-1"]
[WhiteElo "2558"]
[BlackElo "2563"]

1.e4 c5 2.c3 Nf6 3.d3 e5 4.Nf3 Nc6 5.g3 d5 6.Nbd2 Be7 7.Bg2 O-O 8.O-O Re8
9.Re1 Bf8 10.a3 Rb8 11.a4 b6 12.exd5 Nxd5 13.Nc4 f6 14.Nh4 g5 15.Ne3 Nxe3
16.Bxe3 e4 17.Qh5 gxh4 18.Bf4 Rb7 19.Bxe4 Ne5 20.Bxb7 Bxb7 21.Bxe5 Qd5 22.f3 Rxe5
23.Rxe5 Qxe5 24.Qxe5 fxe5 25.Kf2 h3 26.c4 Bc6 27.b3 Kf7 28.Re1 Bd6 29.Re3 h5
30.Re1 Ke6 31.Ke2 Kd7 32.Rg1 Kc7 33.Ke3 Bf8 34.Kf2 Bh6 35.Re1 Bg7 36.Re2 Kb7
37.Re1 Ka6 38.Rg1 e4 39.dxe4 Bd4+ 40.Kf1 Bxg1 41.Kxg1 Ka5  0-1

[Event "EuYCh B14"]
[Site "Halkidiki GRE"]
[Date "2000.10.09"]
[Round "8"]
[White "Papp,Ga"]
[Black "Grachev,B"]
[Result "0-1"]
[WhiteElo "2254"]
[BlackElo "2300"]

1.e4 c5 2.c3 Nf6 3.e5 Nd5 4.d4 cxd4 5.Nf3 Nc6 6.Bc4 Nb6 7.Bb3 g6 8.cxd4 Bg7
9.O-O O-O 10.Nc3 d6 11.exd6 Qxd6 12.Ne4 Qd8 13.d5 Na5 14.d6 Nxb3 15.Qxb3 Be6
16.Qa3 exd6 17.Nxd6 Nc4 18.Nxc4 Bxc4 19.Re1 Qd3 20.Qxd3 Bxd3 21.Ne5 Bf5 22.Bf4 Rac8
23.Rac1 Rxc1 24.Rxc1 g5 25.Bg3 Re8 26.Nc4 Rc8 27.a4 Bxb2  0-1

[Event "EuYCh G16"]
[Site "Halkidiki GRE"]
[Date "2000.10.09"]
[Round "8"]
[White "Novikova,A"]
[Black "Stiri,A"]
[Result "0-1"]
[WhiteElo "2245"]
[BlackElo "2097"]

1.e4 c5 2.c3 Nf6 3.e5 Nd5 4.d4 cxd4 5.Nf3 e6 6.cxd4 d6 7.Nc3 Nxc3 8.bxc3 Qc7
9.Bd2 Nc6 10.Bd3 dxe5 11.O-O Bd6 12.Re1 h6 13.Qe2 exd4 14.cxd4 O-O 15.Rac1 Qd8
16.h4 Be7 17.Rc4 f5 18.h5 Bf6 19.Bc3 Ne7 20.Bb4 Re8 21.Bxe7 Rxe7 22.Ne5 Bd7
23.Rb4 Be8 24.Reb1 Rb8 25.g4 a5 26.Rc4 Qd6 27.Rbc1 Rd8 28.R1c3 b5 29.Rc8 Qxd4
30.Rxd8 Qxd8 31.Nc6 Bxc6 32.Rxc6 Qd5 33.Rc8+ Kf7 34.Bxb5 fxg4 35.Bd3 Qxh5
36.Qe4 Qf5 37.Qc4 Qd5 38.Qc2 Rd7 39.Bg6+ Ke7 40.Re8+ Kd6 41.Be4 Rc7 42.Qe2 Qc4
43.Qd1+ Ke5 44.Qxg4 Rd7 45.f4+ Kd6 46.Bg2 g5 47.Bh3 Qc1+ 48.Kh2 Qd2+ 49.Kh1 Qc1+
50.Kh2 Qc2+ 51.Bg2 Qc4 52.Kh3 gxf4 53.Rb8 Ke7 54.Rb3 Rd3+ 55.Rxd3 Qxd3+ 56.Qf3 Qxf3+
57.Bxf3 Kd6 58.Kg4 Bg5 59.Bb7 Ke5 60.Bc8 Kd5  0-1

[Event "Tatry Open"]
[Site "Tatranske Zruby SVK"]
[Date "2000.10.09"]
[Round "3"]
[White "Salai,L"]
[Black "Cvicela,A"]
[Result "1-0"]
[WhiteElo "2424"]
[BlackElo "2182"]

1.e4 c5 2.c3 Nf6 3.e5 Nd5 4.d4 cxd4 5.Nf3 e6 6.cxd4 d6 7.a3 Nc6 8.Bd3 Be7
9.O-O O-O 10.Qe2 a6 11.Rd1 Qc7 12.Nc3 Nxc3 13.bxc3 dxe5 14.dxe5 b6 15.Qe4 g6
16.Bh6 Rd8 17.Qf4 Bb7 18.h4 Rd7 19.Be4 Rad8 20.Rxd7 Rxd7 21.Re1 Qd8 22.Ng5 Bxa3
23.h5 Qe8 24.Re3 Rd1+ 25.Kh2 f5 26.Bc2 Rd2 27.Bb3 Nd8 28.Rg3 Rb2 29.Qc4 Qc6
30.Nxe6 Rxb3 31.Qxb3 Nxe6 32.Qxa3 Kf7 33.hxg6+ hxg6 34.Qd6 b5 35.Qxc6 Bxc6
36.Rd3 a5 37.Rd6 Be4 38.Ra6 a4 39.Ra7+ Ke8 40.Bc1  1-0

[Event "FSGM October"]
[Site "Budapest HUN"]
[Date "2000.10.10"]
[Round "4"]
[White "Vajda,S"]
[Black "Szeberenyi,A"]
[Result "1/2-1/2"]
[WhiteElo "2282"]
[BlackElo "2357"]

1.e4 c5 2.c3 Nf6 3.e5 Nd5 4.d4 cxd4 5.Nf3 d6 6.Qxd4 e6 7.exd6 Nc6 8.Bb5 Qxd6
9.Na3 Bd7 10.Bxc6 Bxc6 11.Nc4 Qc5 12.Nce5 f6 13.Nxc6 Qxc6 14.O-O Bc5 15.Qe4 O-O
16.c4 Nb4 17.Qxc6 Nxc6 18.Be3 Bxe3 19.fxe3 Rfd8 20.Rad1 Kf7 21.Nd4 Ne5 22.b3 Rd7
23.Nb5 Rad8 24.Rxd7+ Rxd7 25.Nxa7 Rd2 26.Rf2 Rd1+ 27.Rf1 Rd2 28.Rf2 Rd3 29.h3 Rxe3
30.Nc8 Rd3 31.c5 Rd7 32.Nd6+ Ke7 33.Rd2 Rd8 34.Rc2 Rd7 35.b4 Kd8 36.Rc3 Kc7
37.b5 Rd8 38.a4 Ra8 39.Nc4 Rxa4 40.Nxe5 fxe5 41.c6 Rb4  1/2-1/2

[Event "ch-ARG"]
[Site "Buenos Aires ARG"]
[Date "2000.10.11"]
[Round "2"]
[White "Malbran,G"]
[Black "Felgaer,R"]
[Result "0-1"]
[WhiteElo "2399"]
[BlackElo "2390"]

1.e4 c5 2.c3 Nf6 3.e5 Nd5 4.d4 cxd4 5.Nf3 e6 6.cxd4 b6 7.Nc3 Nxc3 8.bxc3 Qc7
9.Bd2 Bb7 10.Bd3 d6 11.O-O Nd7 12.Ng5 Be7 13.Qh5 g6 14.Qh6 dxe5 15.Rfe1 Bf8
16.Qh3 Bg7 17.f4 e4 18.Bxe4 Bxe4 19.Rxe4 Nf6 20.Rxe6+ Kf8 21.Qf3 Rd8 22.Re2 h6
23.Ne4 Nxe4 24.Qxe4 Bf6 25.Rae1 Kg7 26.f5 g5 27.Qg4 Qd7 28.Qf3 Rhe8 29.Rxe8 Rxe8
30.Rxe8 Qxe8 31.Qd3 Qa4 32.d5 Be5 33.c4 Qd1+ 34.Kf2 Qa1 35.d6 Kf8 36.Be3 Qb2+
37.Kf3 f6 38.Kg4 Qxg2+ 39.Kh5 Kg7 40.Bd2 Qxh2+ 41.Kg4 Qg2+ 42.Kh5 Qh1+  0-1

[Event "chT-SLO"]
[Site "Bled SLO"]
[Date "2000.10.14"]
[Round "1"]
[White "Kos,T"]
[Black "Krumpacnik,D"]
[Result "0-1"]
[WhiteElo "2400"]
[BlackElo "2382"]

1.e4 c5 2.c3 Nf6 3.e5 Nd5 4.d4 cxd4 5.Nf3 e6 6.cxd4 b6 7.Nc3 Nxc3 8.bxc3 Qc7
9.Bd2 Be7 10.Bd3 Ba6 11.Bxa6 Nxa6 12.Qe2 Nb8 13.O-O O-O 14.a4 Nc6 15.c4 d6
16.exd6 Qxd6 17.Be3 Bf6 18.c5 Qd5 19.Rfd1 Rfd8 20.Rab1 h6 21.h3 Qe4 22.Nd2 Qc2
23.cxb6 axb6 24.Rdc1 Qxa4 25.Qg4 Nxd4 26.Rc4 Qd7 27.Ne4 Be5 28.Bxd4 f5 29.Qg6 Bxd4
30.Rd1 Qf7 31.Qxf7+ Kxf7 32.Rcxd4 Rxd4 33.Rxd4 fxe4 34.Rd7+ Kf6 35.Rb7 Ra1+
36.Kh2 Rb1 37.Kg3 Rb2 38.h4 h5 39.Rb8 b5 40.Rf8+ Ke7 41.Rg8 Kf7 42.Rd8 e5
43.Rd7+ Kf6 44.Rb7 b4 45.Rb8 b3 46.Rf8+ Ke7 47.Rg8 Kf7 48.Rb8 Rd2 49.f3 exf3
50.Kxf3 b2 51.Rb6 e4+ 52.Kxe4 Rxg2 53.Kf5 g6+ 54.Ke5 Kg7 55.Rb7+ Kh6 56.Kf4 Rg4+
57.Kf3 Rxh4 58.Rxb2 Rg4 59.Rb5 Rg1 60.Kf2 Rg5 61.Rb8 Rg4 62.Rb5 h4 63.Kf3 Rg3+
64.Kf4 g5+ 65.Kf5 Kh5 66.Ra5 Rf3+ 67.Ke4 Rf1  0-1

[Event "Belgian Interteams 2000-1"]
[Site "BEL"]
[Date "2000.10.15"]
[Round "1"]
[White "Henris,L"]
[Black "Van Uytven,E"]
[Result "1-0"]
[WhiteElo "2262"]
[BlackElo "2148"]

1.e4 c5 2.c3 Nf6 3.e5 Nd5 4.d4 cxd4 5.Nf3 e6 6.cxd4 d6 7.a3 Be7 8.Bd3 Bd7
9.O-O Bc6 10.b4 a6 11.Qc2 Nd7 12.Bd2 Rc8 13.Rc1 N5b6 14.Qd1 dxe5 15.Rxc6 Rxc6
16.dxe5 Nc4 17.Bf4 Nb2 18.Qe2 Nxd3 19.Qxd3 Nb6 20.Nd4 Rc7 21.Nd2 Rd7 22.N2f3 O-O
23.Re1 Rc7 24.h4 Bxh4 25.g3 Be7 26.Kg2 Qd5 27.Rh1 g6 28.Bh6 Rfc8 29.Qe3 Rc3
30.Qe2 Rxa3 31.Rd1 Rcc3 32.Nf5 gxf5 33.Rxd5 Nxd5 34.Ng5 Bxg5 35.Bxg5 Rf3
36.Qc4 Rfc3 37.Qh4 Ra2 38.Bf6 Nxf6 39.exf6 Rcc2 40.Qg5+ Kf8 41.Qg7+ Ke8 42.Qg8+ Kd7
43.Qxf7+ Kd6 44.Qe7+ Ke5 45.Kh3 Rxf2 46.Kh4 Rac2 47.f7 Rc4+ 48.Kh3 Rcc2 49.Qc5+ Ke4
50.Qxf2 Rxf2 51.f8=Q Rb2 52.Qe7 Kd5 53.Qc5+  1-0

[Event "chT-SLO"]
[Site "Bled SLO"]
[Date "2000.10.15"]
[Round "2"]
[White "Maslesa,B"]
[Black "Sax,G"]
[Result "0-1"]
[WhiteElo "2261"]
[BlackElo "2563"]

1.e4 c5 2.c3 Nf6 3.d3 g6 4.g3 Bg7 5.Bg2 O-O 6.Ne2 Nc6 7.d4 d6 8.O-O Bg4 9.d5 Na5
10.h3 Bd7 11.b3 e6 12.dxe6 Bxe6 13.Nf4 Rc8 14.Nxe6 fxe6 15.e5 dxe5 16.Qe2 Nd5
17.Bb2 e4 18.c4 Nb4 19.Bxg7 Kxg7 20.Bxe4 Nac6 21.Bxc6 Nxc6 22.Nc3 Nd4 23.Qe4  0-1

[Event "FSIMA October"]
[Site "Budapest HUN"]
[Date "2000.10.15"]
[Round "9"]
[White "Karaklajic,N"]
[Black "Nyysti,S"]
[Result "0-1"]
[WhiteElo "2366"]
[BlackElo "2305"]

1.e4 c5 2.c3 Nf6 3.e5 Nd5 4.Nf3 e6 5.Bc4 Nb6 6.Bb3 c4 7.Bc2 d6 8.d4 cxd3
9.Qxd3 Nc6 10.exd6 Qxd6 11.Qe2 Be7 12.O-O O-O 13.Rd1 Qc7 14.Na3 a6 15.Nc4 Nxc4
16.Qxc4 e5 17.Bg5 h6 18.Qe4 f5 19.Qd5+ Kh7 20.Bxe7 Qxe7 21.Qd6 Qe8 22.Ba4 b5
23.Bb3 Rf6 24.Qc5 e4 25.Ne1 Bb7 26.Rd6 Rxd6 27.Qxd6 Rd8 28.Qf4 Qe5 29.Qxe5 Nxe5
30.Rd1 Rxd1 31.Bxd1 Nc4 32.b3 Nd2 33.Bc2 Kg6 34.h4 f4 35.Nf3 Nxf3+ 36.gxf3 Kf5
37.Kf1 Ke5 38.fxe4 Bxe4 39.Bd1 f3 40.Ke1 Kf4 41.Kd2 h5 42.c4 g5 43.Ke1 Bd3
44.hxg5 h4 45.g6 h3 46.g7 Bh7 47.Bc2 h2  0-1